000 01374nam a22002775i 4500
001 153156
003 ES-MaACL
005 20250723061844.0
008 971015s1741 it |||| | lat d
040 _aAN
_bspa
_cCCPB
130 0 _aCodex Theodosianus.
_9135263
245 1 0 _aCodex Theodosianus /
_ccum perpetuis commentariis Jacobi Gothofredi ... ; praemittuntur chronologia accuratior, chronicon historicum ... ; opus posthumum ... recognitum, & ordinatum ad usum Codicis Justinianei, opera, & studio Antonio Marvillii ...; tomus tertius.
250 _aEditio nova in VI tomos digesta, collata cum Codicibus MSS. antiquissimo Wurceburgensi Gothano & libri editis
_biterum recognita, emendata variorumque observationibus aucta, quibus adiecit suas Joan. Dan. Ritter ...
260 _aMantuae ;
_aprostant Venetiis :
_bapud Franciscum Pitteri,
_c1741.
300 _a[8], 514 [i.e. 512] p. ;
_cFol.
595 _aLos datos de ed. preceden a "tomus tertius"
597 _aSign.: []4, A-Z4, 2A-2Z4, 3A-3S4.
597 _aError de pag., de p. 87 pasa a 90.
597 _aPort. con grab. xil.
650 0 7 _aDerecho romano
_2embne
_911764
700 0 _aGodefroy, Jacques.
_957513
700 1 _aMarville, Antoine.
_9129666
700 1 _aRitter, Johann Daniel.
_9131841
852 _aES-MaACL
_jR-2038
_z-- Enc. pasta espaƱola
999 _c153156
_d153156